| 000 | 00669nam a22001935i 4500 | ||
|---|---|---|---|
| 001 | 167608 | ||
| 003 | ES-MaACL | ||
| 005 | 20250907063128.0 | ||
| 008 | 991014s1868 fr |||| | fre d | ||
| 040 |
_aCAM _bspa _cCAM |
||
| 100 | 3 |
_aVillars, Marie Gigault, _cMarquise de _9133757 |
|
| 245 | 1 | 0 | _aLettres de madame de Villars a madame de Coulanges (1679-1681). |
| 250 | _aNouvelle éd. avec introduction et notes par Alfred de Courtois. | ||
| 260 |
_aParis : _bHenri Plon imprimeur-éditeur, _c1868. |
||
| 300 |
_a346 p. ; _c23 cm. |
||
| 700 | 1 | 1 |
_aCourtois, Alfred de, _eanot. _9126626 |
| 852 |
_aES-MaACL _jF-7630 _z-- Rust. |
||
| 999 |
_c167608 _d167608 |
||